banner koha

Allelopathic effect of waste-land weeds on germination and growth of winter crops (Registro n. 9762)

MARC details
000 -LÍDER
fixed length control field 03391nab a2200373 i 4500
003 - CÓDIGO MARC DA AGÊNCIA CATALOGADORA
Campo de controle BR-BrBNA
005 - DATA E HORA DA ÚLTIMA ATUALIZAÇÃO
Campo de controle 20230920131306.0
008 - CAMPO DE TAMANHO FIXO
fixed length control field 230808b2020 bl.ar|pooa||| 00| 0 eng |
040 ## - FONTE DA CATALOGAÇÃO
Agência catalogadora BR-BrBNA
Idioma da catalogação eng
072 ## - CATEGORIA AGRIS
Código AGRIS H60
100 ## - ENTRADA PRINCIPAL - NOME PESSOAL
Nome pessoal Hayyat, M.S.
100 ## - ENTRADA PRINCIPAL - NOME PESSOAL
Nome pessoal Safdar, M.E.
100 ## - ENTRADA PRINCIPAL - NOME PESSOAL
Nome pessoal Asif, M.
100 ## - ENTRADA PRINCIPAL - NOME PESSOAL
Nome pessoal Tanveer, A.
100 ## - ENTRADA PRINCIPAL - NOME PESSOAL
Nome pessoal Ali, L.
100 ## - ENTRADA PRINCIPAL - NOME PESSOAL
Nome pessoal Qamar, R.
100 ## - ENTRADA PRINCIPAL - NOME PESSOAL
Nome pessoal Ali, H.H.
100 ## - ENTRADA PRINCIPAL - NOME PESSOAL
Nome pessoal Farooq, N.
100 ## - ENTRADA PRINCIPAL - NOME PESSOAL
Nome pessoal Javeed, H.M.A.
100 ## - ENTRADA PRINCIPAL - NOME PESSOAL
Nome pessoal Tarar, Z.H.
245 ## - TÍTULO PRINCIPAL
Título principal Allelopathic effect of waste-land weeds on germination and growth of winter crops
500 ## - NOTA GERAL
Nota geral Publicação on-line; 30 ref.; 4 tables; Summary (En)
942 ## - ADDED ENTRY ELEMENTS (KOHA)
Koha item type
520 ## - NOTA DE RESUMO
Nota de conteúdo <br/><br/>ABSTRACT<br/>Background: Waste-land weeds present around the fields exert their<br/>allelopathic influence on crops through their leaf leachates and<br/>rhizospheric soils.<br/>Objective: A study was conducted to investigate the phytotoxic action of<br/>four common waste-land weeds Parthenium hysterophorus L.,<br/>Achyranthes aspera L., Lantana camara L. and Withania somnifera L.<br/>through their aqueous extracts and rhizospheric soils against winter crops<br/>Avena sativa L., Cicer arietinum L., Hordeum vulgare L. and Triticum<br/>aestivum L.<br/>Methods: Experiments were conducted in Agronomy laboratory in<br/>College of Agriculture at the University of Sargodha. In first experiment,<br/>5% (w/v) water extract from entire plant of each weed was applied to<br/>germinating seeds of crops whereas in second experiment, crop seeds<br/>were subjected to the rhizospheric soil of each weed for germination test.<br/>Results: Results revealed that aqueous extracts of weeds were<br/>more phyto-inhibitory compared to their rhizospheric soils. Minimum<br/>germination percentage (42.5%), germination index (7.4), seedling vigor<br/>index (665.3), root length (3.27 cm), seedling length (14.15 cm) and<br/>seedling biomass (74.2 mg) of crops were recorded in response to<br/>aqueous extract of P. hysterophorus. Root growth of the crops was<br/>affected more compared to the shoot growth. Minimum germination<br/>percentage was observed in A. sativa (13.3) by the action of L. camara<br/>aqueous extract. Rhizospheric soil of L. camara and P. hysterophorus<br/>resulted in minimum germination percentages (57.5 and 58.3,<br/>respectively) and seedling vigor indices (1472.5 and 2008.4, respectively)<br/>of crops. The lowest germination (30%) and germination index (3.7) was<br/>observed for T. aestivum seeds germinated in the rhizospheric soil of<br/>W. somnifera. Among crops, A. sativa and C. arietinum were more<br/>susceptible to the aqueous extracts whereas T. aestivum to rhizospheric<br/>soils of weeds.<br/>Conclusions: It can be concluded that waste-land weeds especially<br/>P. hysterophorus and L. camara negatively affect the crops by their<br/>allelopathy. <br/><br/>Keywords:<br/>allelopathy<br/>aqueous extracts<br/>germination<br/>rhizospheric soil<br/>waste-land weeds<br/>winter crops.
650 ## - ASSUNTO - THESAGRO
Cabeçalho tópico ou nome geográfico ALELOPATIA
650 ## - ASSUNTO - THESAGRO
Cabeçalho tópico ou nome geográfico EXTRATO VEGETAL
650 ## - ASSUNTO - THESAGRO
Cabeçalho tópico ou nome geográfico ERVA DANINHA
650 ## - ASSUNTO - THESAGRO
Cabeçalho tópico ou nome geográfico GERMINAÇÃO
650 ## - ASSUNTO - THESAGRO
Cabeçalho tópico ou nome geográfico INVERNO
650 ## - ASSUNTO - THESAGRO
Cabeçalho tópico ou nome geográfico COLHEITA
773 0# - ENTRADA ANALÍTICA
Host Biblionumber 886
Registro do item 1817
Imprenta Londrina-PR : Sociedade Brasileira da Ciência das Plantas Daninhas, 1978
Outro identificador 2023-031024
Título Planta Daninha (Brazil)
ISSN 0100-8358; 1806-9681 (on-line)
Colação v. 38 p. 1-8; (2020)
Número de controle de registro BR2023000848
856 ## - ACESSO E ENDEREÇO ELETRÔNICO
Identificador uniforme de recurso - URI https://www.scielo.br/j/pd/a/pdMZmVYYLw76JRpmsxP4HTy/?format=pdf&lang=en

Nenhum exemplar disponível.

BINAGRI

Telefone: (61)3218-2567/2388/3357/2097 - binagri@agro.gov.br

Ministério da Agricultura e Pecuária , Esplanada dos Ministérios, Bloco D, Anexo B, Brasília/DF, CEP: 70.043-900